| 000 | 00437nam a22001577a 4500 | ||
|---|---|---|---|
| 003 | OSt | ||
| 008 | 210915b ||||| |||| 00| 0 eng d | ||
| 020 | _a9789387973411 | ||
| 082 |
_a635 _bTYA/OR |
||
| 245 | _aOrganic Farming & Sustinable Development Technology | ||
| 260 |
_aNew Delhi _bNew India Publishing Agency _c2019 |
||
| 300 | _a188 pages | ||
| 490 | _aHi- Tech Horticulture Vol. 2 | ||
| 700 |
_aTyagi, Sachin _95063 |
||
| 942 | _cBK | ||
| 999 |
_c17433 _d17433 |
||